[Event "Tournoi Skype 020A"]
[Site "Skype"]
[Date "????.??.??"]
[Round "2.9"]
[White "Dal, Ibrahim"]
[Black "Murgia, Stefano"]
[Result "1-0"]
[WhiteElo "1869"]
[BlackElo "1681"]
[PlyCount "59"]

1. d4 f5 2. e4 d6 3. exf5 Bxf5 4. Bd3 Qd7 5. c4 g6 6. Nc3 Nf6 7. Nge2 Bg7 8.
O-O O-O 9. Ng3 Bxd3 10. Qxd3 Nc6 11. h3 e5 12. Be3 exd4 13. Bxd4 Qf7 14. Bxf6
Qxf6 15. Qd5+ Qf7 16. Nge4 Rae8 17. Qb5 Nd4 18. Qxb7 Qxc4 19. Nd2 Ne2+ 20. Nxe2
Qxe2 21. Nf3 Qxb2 22. Qxc7 Qa3 23. Qc4+ Kh8 24. Rad1 Rc8 25. Qd5 Rc2 26. Rd3
Qxa2 27. Qxd6 Qc4 28. Ra3 Ra2 29. Ne5 Bxe5 30. Qxf8+ 1-0

[Event "Tournoi Skype 020A"]
[Site "Skype"]
[Date "????.??.??"]
[Round "2.10"]
[White "Lambert, Pierre"]
[Black "Trivedi, Viral"]
[Result "1-0"]
[WhiteElo "1867"]
[BlackElo "1619"]
[PlyCount "49"]

1. e4 e6 2. d4 d5 3. e5 c5 4. c3 Nc6 5. Nf3 Bd7 6. Be2 cxd4 7. cxd4 f6 8. O-O
Qc7 9. Bf4 fxe5 10. Nxe5 Nge7 11. Ng6 Qb6 12. Nxh8 Qxb2 13. Nd2 Qxd4 14. Be3
Qf6 15. Bd3 d4 16. Ne4 Qe5 17. Qf3 Nf5 18. Bf4 Qa5 19. Qh5+ Kd8 20. Nf7+ Kc8
21. g4 g6 22. Qxh7 Ng7 23. Ned6+ Bxd6 24. Nxd6+ Kd8 25. Nxb7+ 1-0

[Event "Tournoi Skype 020A"]
[Site "Skype"]
[Date "????.??.??"]
[Round "2.11"]
[White "L'Herbon De Lussats, Jean"]
[Black "Jacquelin, Norbert"]
[Result "0-1"]
[WhiteElo "1481"]
[BlackElo "1822"]
[PlyCount "36"]

1. e4 e5 2. Bc4 Nf6 3. d3 Bc5 4. Nf3 O-O 5. Nxe5 d5 6. Bxd5 Nxd5 7. exd5 Re8 8.
Bf4 f6 9. Qh5 fxe5 10. Be3 Bxe3 11. fxe3 Rf8 12. e4 Qf6 13. Qe2 Qh4+ 14. g3 Qh3
15. Nd2 Bg4 16. Qe3 Nd7 17. Qg5 Qg2 18. Rf1 Qe2# 0-1

[Event "Tournoi Skype 020A"]
[Site "Skype"]
[Date "????.??.??"]
[Round "2.12"]
[White "Karia, Vijay"]
[Black "Cossalter, Maurizio"]
[Result "1-0"]
[WhiteElo "1820"]
[BlackElo "1524"]
[PlyCount "55"]

1. e4 e5 2. Bc4 Nf6 3. d3 c6 4. Nf3 d5 5. exd5 cxd5 6. Bb3 Nc6 7. O-O Bc5 8.
Re1 Bg4 9. Nxe5 Bxd1 10. Nxc6+ Be7 11. Nxd8 Rxd8 12. Rxd1 O-O 13. Bg5 Rd7 14.
Re1 Bd8 15. Re2 h6 16. Bh4 g5 17. Bg3 Ba5 18. Be5 Kg7 19. Nc3 Bxc3 20. Bxc3 Kg6
21. Bb4 Rc8 22. Rae1 Rcc7 23. Re7 b6 24. Rxd7 Rxd7 25. Re7 a5 26. Rxd7 Nxd7 27.
Be7 d4 28. Bd8 1-0

[Event "Tournoi Skype 020A"]
[Site "Skype"]
[Date "????.??.??"]
[Round "2.13"]
[White "Alvarez, Juan Evangelista"]
[Black "Ricieri, Vinicius"]
[Result "0-1"]
[WhiteElo "1434"]
[BlackElo "1818"]
[PlyCount "78"]

1. Nf3 Nf6 2. Nc3 g6 3. e4 d6 4. d4 Bg7 5. Bg5 O-O 6. h4 h6 7. Bxf6 Bxf6 8. Nd5
Bg7 9. Bc4 c6 10. Nf4 Kh7 11. Qd3 e5 12. dxe5 dxe5 13. Qxd8 Rxd8 14. Nd3 f6 15.
O-O-O Bg4 16. Rdg1 b5 17. Bb3 h5 18. Nh2 Be2 19. Nc5 a5 20. Be6 Na6 21. Nb7 Rd4
22. Re1 Rxe4 23. f3 Bh6+ 24. Kb1 Re3 25. g4 Bxf3 26. Nxf3 Rxf3 27. gxh5 gxh5
28. Nxa5 Nc5 29. Bf7 Rxa5 30. Bxh5 Rf4 31. Be2 Rfa4 32. a3 b4 33. Rh3 bxa3 34.
Rxa3 Rxa3 35. bxa3 Rxa3 36. Kb2 Ra4 37. c4 f5 38. Kc3 Ra2 39. Bd1 Bd2# 0-1

[Event "Tournoi Skype 020A"]
[Site "Skype"]
[Date "????.??.??"]
[Round "2.14"]
[White "Mas, Philippe"]
[Black "Perrone, Gabriel Lorenzo"]
[Result "1/2-1/2"]
[WhiteElo "1800"]
[BlackElo "1453"]
[PlyCount "67"]

1. e4 d6 2. d4 Nf6 3. Nc3 g6 4. Nf3 Bg7 5. Be2 O-O 6. O-O Bg4 7. Be3 Nbd7 8.
Qd2 c6 9. Bh6 b5 10. a3 a5 11. b4 axb4 12. axb4 Nb6 13. Bxg7 Kxg7 14. Qe3 Re8
15. Rfd1 Qc7 16. Nd2 e5 17. dxe5 dxe5 18. Bxg4 Nxg4 19. Qc5 Qb7 20. h3 Nf6 21.
Nb3 Na4 22. Qe3 Nxc3 23. Qxc3 Nxe4 24. Qe3 Nf6 25. Na5 Qc7 26. Ra3 Nd5 27. Qe1
Red8 28. Rad3 Rd6 29. c3 Rad8 30. Qxe5+ f6 31. Qg3 Nxc3 32. Rxd6 Nxd1 33. Rxd8
Qxd8 34. Nxc6 1/2-1/2

[Event "Tournoi Skype 020A"]
[Site "Skype"]
[Date "????.??.??"]
[Round "2.15"]
[White "Legueltel, Daniel"]
[Black "Martinez, Jose Abel"]
[Result "1/2-1/2"]
[WhiteElo "1775"]
[BlackElo "1700"]
[PlyCount "68"]

1. d4 Nf6 2. c4 g6 3. Nc3 Bg7 4. e4 d6 5. Nf3 Bg4 6. Be2 O-O 7. O-O Nbd7 8. Nd2
Bxe2 9. Qxe2 e5 10. d5 c6 11. b4 a5 12. Rb1 Qc7 13. c5 axb4 14. Rxb4 Nxc5 15.
Nb3 Na6 16. Rc4 c5 17. Nb5 Qd8 18. Bd2 b6 19. Bg5 Nc7 20. a4 Nxb5 21. axb5 Ra3
22. Rb1 Qa8 23. Rcc1 Qa4 24. Nd2 Ra8 25. Nc4 Ra2 26. Qf3 Nd7 27. Nxd6 f6 28.
Qg4 Nf8 29. Be3 Ra1 30. Rxa1 Qxa1 31. Nc4 Qa7 32. d6 Rd8 33. Rd1 h5 34. Qe2 Nd7
1/2-1/2

[Event "Tournoi Skype 020A"]
[Site "Skype"]
[Date "????.??.??"]
[Round "2.16"]
[White "Hague, Mark"]
[Black "Duthoit, Bernard"]
[Result "1/2-1/2"]
[WhiteElo "1502"]
[BlackElo "1539"]
[PlyCount "43"]

1. b3 g6 2. Bb2 Nf6 3. e3 Bg7 4. f4 O-O 5. Nf3 Nc6 6. Bb5 Ne8 7. Bxg7 Nxg7 8.
O-O a6 9. Be2 d5 10. Nc3 d4 11. Ne4 dxe3 12. dxe3 Qxd1 13. Raxd1 Bf5 14. Bd3
Nb4 15. a3 Nxd3 16. cxd3 Rad8 17. Nf2 f6 18. b4 Rd7 19. d4 c6 20. Rc1 h5 21. h4
Be6 22. Rfe1 1/2-1/2

[Event "Tournoi Skype 020A"]
[Site "Skype"]
[Date "????.??.??"]
[Round "2.18"]
[White "Sahrane, Juba"]
[Black "Aranzubia, Desiderio"]
[Result "0-1"]
[WhiteElo "1675"]
[BlackElo "1565"]
[PlyCount "42"]

1. d4 d5 2. c4 e6 3. Nc3 Nf6 4. Nf3 c5 5. dxc5 Bxc5 6. cxd5 exd5 7. Bg5 Be7 8.
Rc1 Nc6 9. Bxf6 Bxf6 10. Qxd5 Bxc3+ 11. Rxc3 Qxd5 12. Re3+ Be6 13. h4 O-O 14.
g4 Bxg4 15. Rg1 Bxf3 16. Rxf3 Qxa2 17. Rd3 Rfd8 18. e3 Qb1+ 19. Kd2 Qxb2+ 20.
Kd1 Rxd3+ 21. Bxd3 Qa1+ 0-1

[Event "Tournoi Skype 020A"]
[Site "Skype"]
[Date "????.??.??"]
[Round "2.19"]
[White "Bendre, Pankaj"]
[Black "Gharbi, Said"]
[Result "1-0"]
[WhiteElo "1545"]
[BlackElo "1653"]
[PlyCount "53"]

1. e4 e5 2. Nf3 Nf6 3. Nxe5 Nxe4 4. d3 Bd6 5. Nf3 Nc5 6. Nc3 O-O 7. Be2 Re8 8.
O-O Nc6 9. d4 Na6 10. a3 b6 11. b4 Ne7 12. b5 Nb8 13. Bd3 c6 14. Be4 Nd5 15.
Bxd5 cxd5 16. Nxd5 Bb7 17. Ne3 Re4 18. Qd3 Bf4 19. d5 Ra4 20. Nf5 Qf6 21. Bxf4
Rxf4 22. Rfe1 Kf8 23. Ng3 Qd6 24. Qxh7 f6 25. Nh5 Rg4 26. h3 g6 27. Qg7# 1-0

[Event "Tournoi Skype 020A"]
[Site "Skype"]
[Date "????.??.??"]
[Round "2.20"]
[White "Leyton Calderon, Jairo Oswaldo"]
[Black "Saponara, Jose Maria"]
[Result "0-1"]
[WhiteElo "1540"]
[BlackElo "1649"]
[PlyCount "26"]

1. Nf3 d5 2. b3 c5 3. Bb2 Nc6 4. e3 Nf6 5. Be2 Qc7 6. c4 e5 7. cxd5 Nxd5 8. d3
Bd6 9. Nbd2 O-O 10. O-O b5 11. Rc1 f5 12. e4 Nf4 13. Nc4 bxc4 0-1

[Event "Tournoi Skype 020A"]
[Site "Skype"]
[Date "????.??.??"]
[Round "2.21"]
[White "Prasad Singh, Ambika"]
[Black "Carballo, Jorge"]
[Result "0-1"]
[WhiteElo "1648"]
[BlackElo "1540"]
[PlyCount "78"]

1. e4 e5 2. Nf3 Nc6 3. Bc4 Be7 4. O-O Nf6 5. d3 O-O 6. c3 d5 7. exd5 Nxd5 8.
Nbd2 Nb6 9. Bb5 Bf6 10. Ne4 Bd7 11. Bg5 Bxg5 12. Nfxg5 Bf5 13. Nc5 Qxg5 14.
Nxb7 Nd8 15. Nc5 c6 16. Qf3 e4 17. Nxe4 Bxe4 18. Qxe4 Qxb5 19. b4 Qd5 20. Qe3
Qe6 21. Qf3 Re8 22. h3 Qe2 23. Rfe1 Qxe1+ 24. Rxe1 Rxe1+ 25. Kh2 Nd5 26. b5 Ne7
27. d4 Rb8 28. Qf4 Rb7 29. a4 Nd5 30. Qd6 Ne6 31. Qxc6 Rc7 32. Qxd5 Rxc3 33.
Qa8+ Nf8 34. Qxa7 Rc4 35. b6 Rb1 36. d5 Rc8 37. b7 Rd8 38. b8=Q Rdxb8 39. Qxb8
Rxb8 0-1

[Event "Tournoi Skype 020A"]
[Site "Skype"]
[Date "????.??.??"]
[Round "2.22"]
[White "Perez Fermin, Jose"]
[Black "Khetre, Gaurav"]
[Result "0-1"]
[WhiteElo "1626"]
[BlackElo "1519"]
[PlyCount "28"]

1. e4 e6 2. d4 d5 3. e5 c5 4. c3 Nc6 5. Nf3 Qb6 6. a4 Bd7 7. Na3 Rc8 8. Rb1
cxd4 9. cxd4 Bxa3 10. Bb5 Bb4+ 11. Bd2 Nxd4 12. Bxd7+ Kxd7 13. Nxd4 Qxd4 14.
Bc3 Bxc3+ 0-1

[Event "Tournoi Skype 020A"]
[Site "Skype"]
[Date "????.??.??"]
[Round "2.24"]
[White "Mitrani, Alberto"]
[Black "Yeter, Orhan"]
[Result "0-1"]
[WhiteElo "1538"]
[BlackElo "1611"]
[PlyCount "70"]

1. c4 e5 2. g3 Nf6 3. Bg2 d5 4. cxd5 Nxd5 5. Nc3 c6 6. d3 Be7 7. Nf3 O-O 8.
Nxe5 Re8 9. e4 Nxc3 10. bxc3 Bf6 11. d4 Bxe5 12. dxe5 Qxd1+ 13. Kxd1 Rxe5 14.
Bf4 Re8 15. Ke2 Bg4+ 16. f3 Bh5 17. Rhd1 Na6 18. Bd6 Rxe4+ 19. Kf2 Ree8 20. g4
Bg6 21. f4 Be4 22. Bf1 Rad8 23. Be5 Nc5 24. Rd4 Nd3+ 25. Ke3 Nxe5 26. fxe5 Bd5
27. Kf4 g5+ 28. Kf5 Kg7 29. Rad1 h6 30. h3 Be6+ 31. Ke4 Rxd4+ 32. cxd4 Bxa2 33.
Ra1 Bd5+ 34. Ke3 a6 35. Ra5 f6 0-1

[Event "Tournoi Skype 020A"]
[Site "Skype"]
[Date "????.??.??"]
[Round "2.25"]
[White "Murolo, Antonio"]
[Black "Yardimci, Ertan"]
[Result "1-0"]
[WhiteElo "1602"]
[BlackElo "1495"]
[PlyCount "75"]

1. d4 Nf6 2. Bf4 e6 3. Nf3 d5 4. e3 g6 5. h3 Bg7 6. Be2 Nbd7 7. Nbd2 c5 8. c3
O-O 9. O-O Qe7 10. Rc1 Rd8 11. a3 Ne8 12. b4 cxd4 13. cxd4 Ndf6 14. Ne5 Bd7 15.
Nxd7 Qxd7 16. Nf3 a6 17. a4 Rdc8 18. Ne5 Qe7 19. Qb3 Nd6 20. Nd3 b5 21. a5 Nc4
22. Rfd1 Ne4 23. Rc2 Nf6 24. Nc5 Nd7 25. e4 Nxc5 26. dxc5 Qh4 27. Bg3 Qd8 28.
exd5 exd5 29. Bxc4 bxc4 30. Rxc4 d4 31. Bd6 Qg5 32. Qd3 Ra7 33. Rc2 Re8 34. Re2
Rd8 35. Rde1 Bf6 36. Re8+ Rxe8 37. Rxe8+ Kg7 38. Bf8+ 1-0

[Event "Tournoi Skype 020A"]
[Site "Skype"]
[Date "????.??.??"]
[Round "2.26"]
[White "Salazar Ticeran, Antonio"]
[Black "Behra, Subash"]
[Result "1-0"]
[WhiteElo "1522"]
[BlackElo "1600"]
[PlyCount "73"]

1. e4 e5 2. Bc4 Nf6 3. Nc3 Nc6 4. d3 Bb4 5. Bd2 d6 6. Nge2 O-O 7. O-O Nd4 8.
Kh1 Be6 9. Bxe6 Nxe6 10. f4 exf4 11. Nxf4 c6 12. Nxe6 fxe6 13. a3 Bc5 14. b4
Bd4 15. Rb1 b5 16. Ne2 Bb6 17. c3 a5 18. Qb3 Qd7 19. Nf4 d5 20. e5 Ng4 21. Qd1
Ne3 22. Bxe3 Bxe3 23. Nh3 Rxf1+ 24. Qxf1 axb4 25. axb4 Ra2 26. d4 Qf7 27. Qd3
Bd2 28. Rd1 Bh6 29. g4 Bf4 30. Rf1 Rxh2+ 31. Kg1 Rd2 32. Qf3 Bh2+ 33. Kh1 Qe7
34. Rf2 Rxf2 35. Qxf2 Bxe5 36. dxe5 Qa7 37. Qxa7 1-0

[Event "Tournoi Skype 020A"]
[Site "Skype"]
[Date "????.??.??"]
[Round "2.27"]
[White "Le Brun, Yves"]
[Black "Dhawre, Ravindra"]
[Result "1-0"]
[WhiteElo "1516"]
[BlackElo "1600"]
[PlyCount "47"]

1. e4 c5 2. Nc3 Nc6 3. g3 g6 4. Bg2 Bg7 5. f4 e6 6. Nf3 d6 7. O-O f5 8. exf5
exf5 9. Re1+ Nge7 10. Nd5 O-O 11. Nxe7+ Nxe7 12. Ng5 Re8 13. c3 d5 14. Qe2 Nc6
15. Qxe8+ Qxe8 16. Rxe8+ Bf8 17. Bxd5+ Kg7 18. d3 h6 19. Nf3 Ne7 20. Bc4 a5 21.
Bd2 Ra7 22. a4 Bd7 23. Rd8 b6 24. Ne5 1-0

[Event "Tournoi Skype 020A"]
[Site "Skype"]
[Date "????.??.??"]
[Round "2.28"]
[White "Meaney, Mike"]
[Black "Sepulveda, Lyda Marcela"]
[Result "0-1"]
[WhiteElo "1491"]
[BlackElo "1591"]
[PlyCount "46"]

1. e4 e5 2. Bc4 Nc6 3. Nf3 Bc5 4. Ng5 Qxg5 5. Qf3 Nf6 6. d4 Qxc1+ 7. Qd1 Qxd1+
8. Kxd1 Bxd4 9. c3 Bxf2 10. Bd3 d6 11. Na3 Bg4+ 12. Kc2 a6 13. Rab1 O-O 14. h3
Be6 15. b3 d5 16. Rbc1 Bg3 17. Rcf1 dxe4 18. Be2 Rfd8 19. h4 e3 20. Rf3 Rd2+
21. Kc1 Rxe2 22. Rxg3 Rd8 23. Rf1 Ne4 0-1

[Event "Tournoi Skype 020A"]
[Site "Skype"]
[Date "????.??.??"]
[Round "3.1"]
[White "Lambert, Pierre"]
[Black "Martine, Jean-Christophe"]
[Result "0-1"]
[WhiteElo "1867"]
[BlackElo "2172"]
[PlyCount "62"]

1. e4 d6 2. d4 Nf6 3. Nc3 c6 4. Nf3 Bg4 5. Be2 e6 6. O-O d5 7. exd5 cxd5 8. Ne5
Bxe2 9. Qxe2 Nc6 10. Be3 Bd6 11. f4 O-O 12. Ng4 Nxg4 13. Qxg4 Ne7 14. Ne2 Rc8
15. c3 Nf5 16. Bd2 Qb6 17. Rab1 Qa6 18. a3 Qd3 19. Rbd1 Rfe8 20. Bc1 Qc4 21.
Ng3 g6 22. h4 Kh8 23. h5 Rg8 24. Nxf5 gxf5 25. Qh4 Qe2 26. Qh3 Rg4 27. Qf3 Qc4
28. Rf2 Rcg8 29. Rdf1 Qc8 30. Re1 Qd8 31. Re3 Bxf4 0-1

[Event "Tournoi Skype 020A"]
[Site "Skype"]
[Date "????.??.??"]
[Round "3.2"]
[White "Benson, Paul"]
[Black "Karia, Vijay"]
[Result "1-0"]
[WhiteElo "2059"]
[BlackElo "1820"]
[PlyCount "83"]

1. e4 d5 2. exd5 Qxd5 3. Nc3 Qa5 4. d4 c6 5. Bc4 Nf6 6. Bd2 Bg4 7. Nf3 Nbd7 8.
h3 Bh5 9. Qe2 e6 10. O-O Bb4 11. a3 Bxc3 12. Bxc3 Qc7 13. Rfe1 O-O 14. b4 Rfe8
15. g4 Bg6 16. Bb3 Ne4 17. Bb2 Rad8 18. Nh4 Nef6 19. Nxg6 hxg6 20. c4 a6 21.
Kg2 Qf4 22. Rad1 Kf8 23. Rd3 Re7 24. Qe3 Qc7 25. f4 Rde8 26. Qf3 b5 27. cxb5
cxb5 28. Rc3 Qb8 29. Bc1 Nb6 30. Rc6 Qb7 31. f5 gxf5 32. gxf5 exf5 33. Rxe7
Rxe7 34. Bf4 Re4 35. Bd6+ Ke8 36. d5 Nbxd5 37. Rc5 Nb6 38. Kg3 Qd7 39. Qd3 Nc8
40. Rc7 Nh5+ 41. Kf2 Rf4+ 42. Kg1 1-0

[Event "Tournoi Skype 020A"]
[Site "Skype"]
[Date "????.??.??"]
[Round "3.3"]
[White "Jacquelin, Norbert"]
[Black "Rico Hernandez, Edgar"]
[Result "1/2-1/2"]
[WhiteElo "1822"]
[BlackElo "1884"]
[PlyCount "71"]

1. c4 g6 2. Nc3 Bg7 3. g3 d6 4. Bg2 e5 5. Nf3 Ne7 6. O-O O-O 7. d3 Nd7 8. Rb1
Re8 9. Nd2 Nf8 10. Nde4 c6 11. Bg5 h6 12. Bf6 Nh7 13. Bxg7 Kxg7 14. e3 Bf5 15.
g4 Be6 16. Ng3 d5 17. b3 Nf6 18. h3 Qd6 19. Qe1 Nd7 20. Rd1 f5 21. f4 fxg4 22.
h4 h5 23. fxe5 Qxe5 24. d4 Qd6 25. c5 Qc7 26. e4 Bg8 27. e5 Be6 28. Qe3 Nf5 29.
Rxf5 Bxf5 30. Nxf5+ gxf5 31. Qg5+ Kh8 32. Qxh5+ Kg7 33. Qg5+ Kh8 34. Qh5+ Kg7
35. Qg5+ Kh8 36. Qh5+ 1/2-1/2

[Event "Tournoi Skype 020A"]
[Site "Skype"]
[Date "????.??.??"]
[Round "3.4"]
[White "Mishra, Om"]
[Black "Siret, Bernard"]
[Result "0-1"]
[WhiteElo "1881"]
[BlackElo "1714"]
[PlyCount "86"]

1. e4 e5 2. Nf3 Nc6 3. Bb5 a6 4. Ba4 Nf6 5. O-O Nxe4 6. Re1 Nc5 7. Bxc6 dxc6 8.
Nxe5 Ne6 9. Qf3 Qf6 10. Qxf6 gxf6 11. Nf3 Be7 12. Nc3 Bd7 13. b3 Rg8 14. Ne4
O-O-O 15. Bb2 f5 16. Ng3 f4 17. Nf5 Bf8 18. Bf6 Re8 19. Ne5 Ng5 20. Nd4 Bc5 21.
Nef3 Ne4 22. Be5 Rxe5 23. Nxe5 Bxd4 24. c3 Bxe5 25. Rxe4 Bd6 26. d4 Bf5 27.
Ree1 Ba3 28. Rad1 Bb2 29. Re5 Bg6 30. Rc5 Be4 31. g3 b6 32. Re5 Bg6 33. Rg5 h6
34. Rg4 Bxc3 35. Rxf4 Rd8 36. h4 h5 37. Kg2 c5 38. d5 b5 39. a4 b4 40. g4 Bd4
41. gxh5 Bxh5 42. Re1 Rxd5 43. Re8+ Kb7 0-1

[Event "Tournoi Skype 020A"]
[Site "Skype"]
[Date "????.??.??"]
[Round "3.5"]
[White "Ricieri, Vinicius"]
[Black "Loayza, Juan Antonio"]
[Result "1-0"]
[WhiteElo "1818"]
[BlackElo "1877"]
[PlyCount "77"]

1. e4 c5 2. Nf3 d6 3. d3 Nf6 4. g3 g6 5. Bg2 Bg7 6. O-O O-O 7. c3 Nc6 8. a4 Qc7
9. Na3 a6 10. Ne1 Bd7 11. f4 Rfb8 12. h3 Qc8 13. g4 b5 14. f5 Ra7 15. Bf4 Ne5
16. d4 cxd4 17. cxd4 Nc4 18. e5 dxe5 19. dxe5 Qc5+ 20. Kh2 Nxg4+ 21. hxg4 Bxe5
22. Nd3 Bxf4+ 23. Rxf4 Qd6 24. Kh1 Nxb2 25. Qg1 Nxd3 26. Rd4 Qg3 27. Rxd3 Qxd3
28. Qxa7 Qd6 29. axb5 axb5 30. Nc2 Rc8 31. Ne3 gxf5 32. Rd1 Qh6+ 33. Kg1 Be6
34. gxf5 Bb3 35. Re1 Qh4 36. Rb1 Bc4 37. Qd7 Rc5 38. Rd1 Re5 39. Rd4 1-0

[Event "Tournoi Skype 020A"]
[Site "Skype"]
[Date "????.??.??"]
[Round "3.6"]
[White "Segura Lozano, Marcos Antonio"]
[Black "Dal, Ibrahim"]
[Result "1-0"]
[WhiteElo "1772"]
[BlackElo "1869"]
[PlyCount "51"]

1. d4 d5 2. Nf3 Nf6 3. c4 c6 4. cxd5 cxd5 5. Nc3 Nc6 6. Bf4 e6 7. Rc1 Bd6 8.
Ne5 O-O 9. e3 Qc7 10. Nb5 Qa5+ 11. Nc3 Bb4 12. Qc2 Nxe5 13. Bxe5 Ne4 14. f3
Nxc3 15. bxc3 Ba3 16. Rb1 Bd7 17. Rxb7 Ba4 18. Qb1 Qxc3+ 19. Kf2 Bc1 20. Bd3
Qd2+ 21. Kg3 Rfc8 22. Bxh7+ Kf8 23. Rxf7+ Kxf7 24. Qg6+ Ke7 25. Qxg7+ Kd8 26.
Bf6+ 1-0

[Event "Tournoi Skype 020A"]
[Site "Skype"]
[Date "????.??.??"]
[Round "3.7"]
[White "Hilton, Stephen"]
[Black "Mas, Philippe"]
[Result "1-0"]
[WhiteElo "1885"]
[BlackElo "1800"]
[PlyCount "39"]

1. d4 Nf6 2. c4 g6 3. Nc3 d5 4. Nf3 Bg7 5. Qb3 dxc4 6. Qxc4 O-O 7. e4 a6 8. Qb3
b5 9. Be2 c5 10. dxc5 Bb7 11. O-O Nxe4 12. Nxe4 Bxe4 13. Rd1 Qc7 14. Be3 Nc6
15. Rac1 Rfd8 16. Ng5 Bf5 17. Nxf7 Na5 18. Nh6+ Kh8 19. Qg8+ Rxg8 20. Nf7# 1-0

[Event "Tournoi Skype 020A"]
[Site "Skype"]
[Date "????.??.??"]
[Round "3.8"]
[White "Perrone, Gabriel Lorenzo"]
[Black "Casey, Eamonn"]
[Result "1/2-1/2"]
[WhiteElo "1453"]
[BlackElo "1691"]
[PlyCount "139"]

1. d4 Nf6 2. c4 e6 3. Nc3 d5 4. Nf3 Nbd7 5. e3 c6 6. Bd3 Bd6 7. O-O O-O 8. Re1
Re8 9. e4 dxe4 10. Nxe4 Nxe4 11. Bxe4 Nf6 12. Bg5 h6 13. Bh4 Be7 14. Bd3 Nd7
15. Bxe7 Qxe7 16. d5 Qf6 17. Qc2 Nc5 18. Be2 exd5 19. cxd5 Nd7 20. Bc4 Rxe1+
21. Rxe1 Qd8 22. Bd3 cxd5 23. Rd1 Nf6 24. Nh4 Be6 25. Bf5 Rc8 26. Qe2 Bxf5 27.
Nxf5 Ne4 28. h3 Kf8 29. Qd3 Qb6 30. Qa3+ Rc5 31. Rxd5 Kg8 32. Ne7+ Kh8 33. Rxc5
Qxc5 34. Qxc5 Nxc5 35. Kf1 Nd3 36. b3 Nc1 37. Ke1 Nxa2 38. Kd2 Nb4 39. Kc3 Na6
40. Kc4 Nc7 41. Kc5 Ne6+ 42. Kd6 Nf4 43. Kc7 Nxg2 44. Kxb7 Nf4 45. Kxa7 Nxh3
46. b4 Nxf2 47. b5 Nd3 48. b6 Nc5 49. Nc8 h5 50. Nd6 Kg8 51. Nb7 Nd7 52. Nd6
Nxb6 53. Kxb6 h4 54. Nf5 h3 55. Ng3 h2 56. Kc5 f5 57. Kd4 f4 58. Nh1 g5 59. Ke4
Kg7 60. Kf3 Kh6 61. Kg2 Kh5 62. Kxh2 Kh4 63. Nf2 g4 64. Kg2 f3+ 65. Kf1 g3 66.
Ne4 g2+ 67. Kg1 Kg4 68. Nf2+ Kf4 69. Nh3+ Ke3 70. Nf2 1/2-1/2

[Event "Tournoi Skype 020A"]
[Site "Skype"]
[Date "????.??.??"]
[Round "3.9"]
[White "Sepulveda, Lyda Marcela"]
[Black "Ibarra Cantu, Raul Alberto"]
[Result "1/2-1/2"]
[WhiteElo "1591"]
[BlackElo "2015"]
[PlyCount "64"]

1. e4 c5 2. Nf3 d6 3. d4 cxd4 4. Nxd4 Nf6 5. Nc3 a6 6. Be2 e5 7. Nb3 Be7 8. Be3
Be6 9. O-O O-O 10. f4 Qc7 11. Bf3 exf4 12. Bxf4 Nbd7 13. Nd4 Bc4 14. Nf5 Ne5
15. Nxe7+ Qxe7 16. Rf2 Nfd7 17. Qd4 Rac8 18. Rd1 Rc6 19. Rfd2 Nxf3+ 20. gxf3
Ne5 21. Kg2 Qf6 22. Bxe5 dxe5 23. Qd7 Qf4 24. Rd6 Be6 25. Qe7 Rxd6 26. Rxd6 g5
27. Ne2 Qh4 28. Ng3 Bh3+ 29. Kf2 Be6 30. Kg2 Bh3+ 31. Kf2 Be6 32. Kg2 Bh3+
1/2-1/2

[Event "Tournoi Skype 020A"]
[Site "Skype"]
[Date "????.??.??"]
[Round "3.10"]
[White "Sauvaget, Joel"]
[Black "Deville, Olivier"]
[Result "0-1"]
[WhiteElo "1580"]
[BlackElo "2010"]
[PlyCount "84"]

1. d4 Nf6 2. Nf3 e6 3. e3 c5 4. Nc3 b6 5. Bb5 a6 6. Ba4 b5 7. Bb3 c4 8. Bxc4
bxc4 9. b3 Bb4 10. Bb2 Qa5 11. O-O Bxc3 12. Bxc3 Qxc3 13. bxc4 Qxc4 14. a4 O-O
15. a5 Bb7 16. Qd2 Ne4 17. Qd1 Qd5 18. Ne1 Nc6 19. f3 Nf6 20. Nd3 Rac8 21. Nf4
Qc4 22. Rb1 Nxa5 23. Nd3 Qxc2 24. Nc5 Qxd1 25. Rfxd1 Rb8 26. e4 d6 27. Na4 Bc6
28. Ra1 Nb3 29. Ra3 Bxa4 30. Rxa4 Rb6 31. d5 exd5 32. exd5 Nc5 33. Ra2 Rfb8 34.
Kf2 Rb2+ 35. Rxb2 Rxb2+ 36. Kg3 a5 37. Kf4 a4 38. g4 a3 39. Re1 Kf8 40. g5
Nxd5+ 41. Kf5 Rb4 42. h4 g6# 0-1

[Event "Tournoi Skype 020A"]
[Site "Skype"]
[Date "????.??.??"]
[Round "3.11"]
[White "Engstrom, Olle"]
[Black "Aranzubia, Desiderio"]
[Result "1-0"]
[WhiteElo "1791"]
[BlackElo "1565"]
[PlyCount "25"]

1. e4 c5 2. Nf3 g6 3. c4 Bg7 4. d4 cxd4 5. Nxd4 e6 6. Nb5 a6 7. Nd6+ Ke7 8.
Bg5+ Bf6 9. Bxf6+ Nxf6 10. e5 Ne8 11. Nc3 Qc7 12. Nce4 Nxd6 13. exd6+ 1-0

[Event "Tournoi Skype 020A"]
[Site "Skype"]
[Date "????.??.??"]
[Round "3.12"]
[White "Carballo, Jorge"]
[Black "Legueltel, Daniel"]
[Result "1-0"]
[WhiteElo "1540"]
[BlackElo "1775"]
[PlyCount "29"]

1. d4 d5 2. Nf3 Nf6 3. Bf4 e6 4. e3 b6 5. Bd3 Bb7 6. Nbd2 Bd6 7. Ne5 O-O 8.
Ndf3 c5 9. c3 Qe7 10. Ng5 h6 11. h4 Nc6 12. Qc2 Rac8 13. Bh7+ Kh8 14. Ngxf7+
Rxf7 15. Ng6+ 1-0

[Event "Tournoi Skype 020A"]
[Site "Skype"]
[Date "????.??.??"]
[Round "3.13"]
[White "Montenegro, Juan Carlos"]
[Black "Bendre, Pankaj"]
[Result "1-0"]
[WhiteElo "1737"]
[BlackElo "1545"]
[PlyCount "63"]

1. e4 c5 2. Nf3 d6 3. d4 cxd4 4. Nxd4 Nf6 5. Nc3 g6 6. Be3 Bg7 7. Be2 O-O 8.
Qd2 Nc6 9. f3 Bd7 10. O-O-O a6 11. g4 Qa5 12. Nb3 Qc7 13. g5 Nh5 14. Nd5 Qd8
15. Bb6 Qe8 16. Nc7 Qc8 17. Nxa8 Qxa8 18. f4 Be6 19. Bxh5 gxh5 20. Nd4 Bxa2 21.
b3 a5 22. Nxc6 bxc6 23. Qxa5 Qc8 24. Qxa2 Qb7 25. Qa7 Qc8 26. Bd4 e5 27. fxe5
dxe5 28. Bc5 Re8 29. Rhf1 Qe6 30. Rd6 Qe7 31. Qxe7 Rxe7 32. Rd8+ 1-0

[Event "Tournoi Skype 020A"]
[Site "Skype"]
[Date "????.??.??"]
[Round "3.15"]
[White "Mulrooney, Justin"]
[Black "Salazar Ticeran, Antonio"]
[Result "1-0"]
[WhiteElo "1714"]
[BlackElo "1522"]
[PlyCount "63"]

1. d4 g6 2. c4 Bg7 3. Nc3 Nf6 4. Nf3 d6 5. e3 O-O 6. Bd3 Ne8 7. O-O Bg4 8. h3
Bxf3 9. Qxf3 c5 10. Qxb7 Nd7 11. Qf3 cxd4 12. exd4 Bxd4 13. Nb5 Bb6 14. h4 Ne5
15. Qh3 Nxd3 16. Qxd3 h6 17. Bxh6 Kh7 18. Bxf8 Nf6 19. Bxe7 Qxe7 20. Rfe1 Qf8
21. Qxd6 Qg7 22. Rad1 Ng4 23. c5 Qxb2 24. Qd4 Qxd4 25. Rxd4 Bxc5 26. Rxg4 a6
27. Nc3 a5 28. Nd5 Rd8 29. Rg5 Kg7 30. Ne7 Kf6 31. Rxc5 Re8 32. Nd5+ 1-0

[Event "Tournoi Skype 020A"]
[Site "Skype"]
[Date "????.??.??"]
[Round "3.16"]
[White "Martinez, Jose Abel"]
[Black "Le Brun, Yves"]
[Result "0-1"]
[WhiteElo "1700"]
[BlackElo "1516"]
[PlyCount "76"]

1. e4 e5 2. Nf3 d6 3. Bc4 h6 4. Nc3 Nf6 5. O-O Be7 6. h3 c6 7. d4 Nbd7 8. Re1
a6 9. Be3 b5 10. Bb3 O-O 11. Qd2 Kh7 12. Rad1 b4 13. Ne2 Nxe4 14. Qd3 f5 15.
Ng3 Nxg3 16. dxe5 Ne4 17. exd6 Bh4 18. Nd4 Ndc5 19. Nxc6 Nxd3 20. Rxd3 Qe8 21.
Bd5 Bb7 22. Nxb4 Bxd5 23. Rxd5 Rd8 24. Bc5 Rd7 25. Nxa6 Qc8 26. Nc7 Nxc5 27.
Rxc5 Rxd6 28. Ne6 Qxc5 29. Nxc5 Rd2 30. Re5 Rxf2 31. b4 Rxc2 32. a4 Bg3 33. Nd3
Bxe5 34. Nxe5 Rd8 35. b5 Rd1+ 36. Kh2 Ra1 37. b6 Rxa4 38. b7 Rb4 0-1

[Event "Tournoi Skype 020A"]
[Site "Skype"]
[Date "????.??.??"]
[Round "3.17"]
[White "Murgia, Stefano"]
[Black "Hague, Mark"]
[Result "1/2-1/2"]
[WhiteElo "1681"]
[BlackElo "1502"]
[PlyCount "40"]

1. e4 b6 2. d4 Bb7 3. Nc3 e6 4. Nf3 d6 5. Bd3 g6 6. Be3 Bg7 7. Qd2 Ne7 8. O-O-O
h6 9. h4 Nd7 10. Nh2 h5 11. f4 c6 12. Nf3 Qc7 13. Ng5 Bh6 14. d5 Bxg5 15. hxg5
exd5 16. exd5 c5 17. Rhe1 O-O-O 18. Nb5 Qb8 19. f5 Ne5 20. fxg6 fxg6 1/2-1/2